000
00289nam a22001337a 4500
008
170703b xxu||||| |||| 00| 0 eng d
020
_a
2818800017047
041
_a
eng
080
_2
3RD
_a
82
100
_a
22
101
_a
GJL
245
_a
FOUNDATIONS 111 READER
_c
FDN
942
_2
udc
_c
BK
999
_c
19850
_d
19850